000 00598nam a22001695i 4500
001 155434
003 ES-MaACL
005 20230906210056.0
008 970226s1886 sp |||| | spa d
040 _aCLM
_bspa
_cCCPB | SIC
100 1 _aHidalgo y Bermudez, Cándido.
_9222399
245 1 0 _aMemoria descriptiva de un nuevo método para construir en el mar /
_cpor Cándido Hidalgo y Bermudez.
260 _aMalaga :
_b[s.n.],
_c1886 (
_fTip. de "Las noticias")
300 _a31 p. ;
_c21 cm.
852 _aES-MaACL
_jT-463-F-2
_z-- Enc. hol.
_z-- Enc. en un vol. facticio
999 _c155434
_d155434